logo

Bir Sreshtho Munshi Abdur Rouf Library
Jhenaidah Cadet College

জীবন স্মৃতি / (Record no. 9156)

MARC details
000 -LEADER
fixed length control field 00715nam a2200217 4500
001 - CONTROL NUMBER
JCCL Control Number 9156
003 - CONTROL NUMBER IDENTIFIER
JCCL marc code BD-JhCC
005 - DATE AND TIME OF LATEST TRANSACTION
control field 20180310113302.0
008 - FIXED-LENGTH DATA ELEMENTS--GENERAL INFORMATION
fixed length control field 180310b1962 bg ||||| |||| 00| 0 ben d
035 ## - SYSTEM CONTROL NUMBER
system control number (BD-JhCC)9156
040 ## - CATALOGING SOURCE
Original cataloging agency BD-JhCC
Modifying agency BD-JhCC
041 ## - LANGUAGE CODE
Language code of Book ben
082 ## - DEWEY DECIMAL CLASSIFICATION NUMBER
Classification number 928
Author mark and Year ULL 1962
100 ## - MAIN ENTRY--PERSONAL NAME
Personal name উল্লাহ, আলহাজ্জ খান বাহাদুর আহছান
245 ## - TITLE STATEMENT
Title জীবন স্মৃতি /
Statement of responsibility, etc আলহাজ্জ খান বাহাদুর আহছান উল্লাহ
260 ## - PUBLICATION, DISTRIBUTION, ETC. (IMPRINT)
Place of publication, distribution, etc ঢাকা :
Name of publisher, distributor, etc ফেভারিট বুকস
Date of publication, distribution, etc 1962.
300 ## - PHYSICAL DESCRIPTION
Pagination 227 p. :
Dimensions 18 cm.
650 ## - SUBJECT ADDED ENTRY--TOPICAL TERM
Topical term or geographic name as entry element Autobiography
942 ## - ADDED ENTRY ELEMENTS (KOHA)
Source of classification or shelving scheme Dewey Decimal Classification
Koha item type Books
Holdings
Source of classification or shelving scheme Damaged status Not for loan Home library Current library Shelving location Date of accession Cost, normal purchase price Total Checkouts Full call number Barcode Date last seen Copy number Koha item type
Dewey Decimal Classification     JCC Rouf Library JCC Rouf Library General Stacks 03/10/2018 3.00   928 ULL 1962 12060 03/10/2018 C-1 Books

JCC Library | Contacts | JCC Home

Last Update on 23 September 2017
Copyright @ 2017-2020 JCC Rouf Library
Rouf Library, Jhenidah Cadet College (JCC), Bangladesh